Provinces of the Bahamas - Statistics

General Stats
  • This quiz has been taken 11 times
  • The average score is 18 of 32
Answer Stats
Answer % Correct
Bimini
75%
Grand Cay (Abaco)
75%
Harbour Island (Eleuthera)
75%
North Andros
75%
South Andros
75%
Acklins
63%
Berry Islands
63%
Cat Island
63%
Crooked Island
63%
New Providence
63%
North Abaco
63%
North Eleuthera
63%
Ragged Island
63%
Rum Cay
63%
San Salvador
63%
South Abaco
63%
Black Point (Exuma)
50%
Central Abaco
50%
Central Andros
50%
Central Eleuthera
50%
City of Freeport (Grand Bahama)
50%
Exuma
50%
Hope Town (Abaco)
50%
Inagua
50%
Long Island
50%
Mangrove Cay (Andros)
50%
Mayaguana
50%
Moore's Island (Abaco)
50%
South Eleuthera
50%
Spanish Wells (Eleuthera)
50%
East Grand Bahama
38%
West Grand Bahama
38%
No matching quizzes found
Score Distribution
Percent of People with Each Score
Percentile by Number Answered
Your Score History
You have not taken this quiz